Blackpink : neautorizovaný průvodce /
Neoficiální biografie jedné z nejslavnějších k-popových dívčích skupin.
Uloženo v:
| Hlavní autor: | |
|---|---|
| Další autoři: | |
| Médium: | E-kniha |
| Jazyk: | Czech |
| Vydáno: |
V Brně :
CPress,
2025
|
| Vydání: | 1. vydání |
| Témata: | |
| Tagy: |
Žádné tagy |
| LEADER | 03907nam a2200709 i 4500 | ||
|---|---|---|---|
| 001 | 312876 | ||
| 003 | CZ PrSKC | ||
| 005 | 20260601215730.0 | ||
| 007 | ta | ||
| 008 | 251031s2025 xr acf e 000 0ccze | ||
| 015 | |a cnb003717166 | ||
| 020 | |a 9788026458036 |q (vázáno) : |c Kč 349,00 | ||
| 035 | |a (OCoLC)1559932003 | ||
| 040 | |a BOA001 |b cze |d ABA001 |e rda | ||
| 041 | 1 | |a cze |h eng | |
| 043 | |a a-ko--- | ||
| 045 | |a y-y- | ||
| 072 | 7 | |a 78.011.26 |x Populární hudba. Populární písně. Populární taneční hudba |2 Konspekt | |
| 072 | 7 | |a 929 |x Biografie |2 Konspekt | |
| 080 | |a 785.16.071 |2 MRF | ||
| 080 | |a 78.03.011.26.071.2-055.2 |2 MRF | ||
| 080 | |a 78.03.011.26 |2 MRF | ||
| 080 | |a 929 |2 MRF | ||
| 080 | |a (519.5) |2 MRF | ||
| 080 | |a (048.8) |2 MRF | ||
| 080 | |a (0:82-94) |2 MRF | ||
| 080 | |a (092) |2 MRF | ||
| 100 | 1 | |a Besley, Adrian |7 pna2017973874 |4 aut | |
| 240 | 1 | 0 | |a Blackpink. |l Česky |
| 245 | 1 | 0 | |a Blackpink : |b neautorizovaný průvodce / |c Adrian Besley ; z anglického originálu K-pop's no. 1 girl group přeložila Lenka Pospíšilová |
| 250 | |a 1. vydání | ||
| 264 | 1 | |a V Brně : |b CPress, |c 2025 | |
| 300 | |a 183 stran, 16 nečíslovaných stran obrazových příloh : |b barevné ilustrace, portréty ; |c 24 cm | ||
| 336 | |a text |b txt |2 rdacontent | ||
| 337 | |a bez média |b n |2 rdamedia | ||
| 338 | |a svazek |b nc |2 rdacarrier | ||
| 500 | |a Název originálu uveden chybně, správně má být: Blackpink | ||
| 520 | 2 | |a Neoficiální biografie jedné z nejslavnějších k-popových dívčích skupin. |b K-pop patří mezi globálně nejpopulárnější žánry 21. století. Dobrým příkladem tohoto jihokorejského fenoménu je dívčí skupina Blackpink, jejíž hudební klipy dosahují nejen milionových, ale i miliardových počtů zhlédnutí. Jisoo, Jennie, Rosé a Lisa byly ke kariéře popstars metodicky vychované. Staly se z nich zpěvačky, rapperky, tanečnice i módní ikony. Publikace, ze které čiší fanouškovské nadšení (příznivci skupiny si říkají Blinks), sleduje ve třinácti kapitolách jejich cestu od náročných začátků až na světová pódia. Navrch k tomu najdeme v knize pět profilových textů: Čtyři o jednotlivých dívkách a jeden o "těch ostatních", manažerkách a manažerech, stylistech a choreografech, bez kterých by se čtveřice neobešla. Publikaci doplňuje několik fotografií kapely. | |
| 546 | |a Český text | ||
| 610 | 2 | 7 | |a Blackpink (hudební skupina) |7 xx0276823 |2 czenas |
| 648 | 7 | |a 21. století |7 ch460559 |2 czenas | |
| 650 | 0 | 7 | |a hudební skupiny |7 ph120924 |z Korejská republika |y 21. století |2 czenas |
| 650 | 0 | 7 | |a populární zpěvačky |7 ph803153 |z Korejská republika |y 21. století |2 czenas |
| 650 | 0 | 7 | |a populární hudba |7 ph124352 |z Korejská republika |y 21. století |2 czenas |
| 650 | 0 | 7 | |a K-pop |7 ph1064778 |2 czenas |
| 650 | 0 | 9 | |a musical groups |z Korea (South) |y 21st century |2 eczenas |
| 650 | 0 | 9 | |a popular women singers |z Korea (South) |y 21st century |2 eczenas |
| 650 | 0 | 9 | |a popular music |z Korea (South) |y 21st century |2 eczenas |
| 650 | 0 | 9 | |a K-pop |2 eczenas |
| 655 | 7 | |a přehledy |7 fd133202 |2 czenas | |
| 655 | 7 | |a portréty |7 fd133099 |2 czenas | |
| 655 | 7 | |a biografie |7 fd131909 |2 czenas | |
| 655 | 9 | |a surveys |2 eczenas | |
| 655 | 9 | |a portraits |2 eczenas | |
| 655 | 9 | |a biography |2 eczenas | |
| 700 | 1 | |a Pospíšilová, Lenka, |d 1991- |7 ola20201078875 |4 trl | |
| 900 | |a ABA001 |b 20 | ||
| 928 | 9 | |a Albatros Media - CPress | |
| 044 | |a xr | ||
| 910 | |a RBIT002 | ||
| 998 | |d 423848 |a https://core.palmknihy.cz/api/books/423848/cover?t5m4sj |b https://core.palmknihy.cz/api/books/423848/cover/400?t5m4sj |c https://core.palmknihy.cz/api/books/423848/cover/50?t5m4sj |e 2029-12-06 |g 200 |i 9788026458036 |j https://core.palmknihy.cz/api/books/423848/preview.epub |k https://core.palmknihy.cz/api/books/423848/preview.pdf |l |q 49 |r 1 |s https://www.palmknihy.cz/kniha/423848 |t ebook |y 2025 |z 0 | ||
| 999 | |d 312874 | ||